| 000 | 01035cam a2200349 a 4500 | ||
|---|---|---|---|
| 999 |
_c90065 _d90065 |
||
| 001 | 105677 | ||
| 003 | BJBSDDR | ||
| 005 | 20230410132918.0 | ||
| 006 | a|||||r|||| 00| 0 | ||
| 007 | ta | ||
| 008 | 030527s2010 sp a b 001 0 spa | ||
| 010 | _a 2003379567 | ||
| 035 | _a13272613 | ||
| 035 | _a(SpBaP)pu030001048 | ||
| 040 |
_aDLC _cDLC _dDLC |
||
| 043 | _ae------ | ||
| 049 | _aGRAL | ||
| 050 | 1 | 4 |
_aB 128 _bG752r 2010 |
| 100 | 1 |
_aOrtega y Gasset, José, _d1883-1955 _921470 |
|
| 130 | 1 |
_aGrandes obras del pensamiento _911723 |
|
| 245 | 1 | 3 |
_aLa rebelión de las masas : _bel tema de nuestro tiempo / _cJosé Ortega y Gasset. |
| 246 | 3 | _aTema de nuestro tiempo. | |
| 260 |
_aMadrid : _bEl País, _c2010. |
||
| 300 |
_a299 p. : _bill. ; _c19 cm. |
||
| 440 | 0 |
_aGrandes obras del pensamiento _911723 |
|
| 600 | 1 | 0 |
_aJosé Ortega y Gasset _zEspaña _xfilosofía. |
| 650 | 4 |
_aFilosofía _91108 |
|
| 650 | 4 |
_aCivilización _9146 |
|
| 650 | 4 |
_aProletariado _921849 |
|
| 651 | 0 |
_aEuropa _xCivilización. |
|
| 942 |
_2lcc _cBK |
||